EVALUACION DE LA INTELIGENCIA INFANTIL : (Registro nro. 20544)
[ vista simple ]
| 000 -LEADER | |
|---|---|
| fixed length control field | 00537nam a2200181 a 4500 |
| 001 - CONTROL NUMBER | |
| control field | 20544 |
| 005 - DATE AND TIME OF LATEST TRANSACTION | |
| control field | 20180713214140.0 |
| 008 - FIXED-LENGTH DATA ELEMENTS--GENERAL INFORMATION | |
| fixed length control field | 140415s1988 000 0 spa d |
| 020 ## - INTERNATIONAL STANDARD BOOK NUMBER | |
| International Standard Book Number | 9684264429 |
| 041 ## - LANGUAGE CODE | |
| Language code of text/sound track or separate title | spa |
| 082 ## - DEWEY DECIMAL CLASSIFICATION NUMBER | |
| Classification number | 153.93 |
| Item number | SAT |
| 100 1# - MAIN ENTRY--PERSONAL NAME | |
| Personal name | SATTLER, JEROME M. |
| 245 10 - TITLE STATEMENT | |
| Title | EVALUACION DE LA INTELIGENCIA INFANTIL : |
| Remainder of title | Y HABILIDADES ESPECIALES |
| 260 ## - PUBLICATION, DISTRIBUTION, ETC. | |
| Place of publication, distribution, etc. | [s.l.] : |
| Name of publisher, distributor, etc. | EL MANUAL MODERNO, |
| Date of publication, distribution, etc. | 1988 |
| 300 ## - PHYSICAL DESCRIPTION | |
| Extent | 697 |
| 650 14 - SUBJECT ADDED ENTRY--TOPICAL TERM | |
| Topical term or geographic name entry element | INTELIGENCIA |
| General subdivision | PRUEBAS DE INTELIGENCIA |
| 700 1# - ADDED ENTRY--PERSONAL NAME | |
| Personal name | RIVERA RAMIREZ, PEDRO |
| Relator term | tr. |
| Withdrawn status | Lost status | Source of classification or shelving scheme | Damaged status | Not for loan | Collection code | Home library | Current library | Shelving location | Date acquired | Source of acquisition | Inventory number | Total Checkouts | Full call number | Barcode | Date last seen | Price effective from | Koha item type |
|---|---|---|---|---|---|---|---|---|---|---|---|---|---|---|---|---|---|
| Dewey Decimal Classification | General | Biblioteca Karol Wojtyla | Biblioteca Karol Wojtyla | Sala general | 03/12/2013 | Compra | 151000000000000000064391 | 153.93 SAT | 40387 | 05/01/2026 | 03/12/2013 | Libro |